Sotheby's concise encyclopedia of porcelain
| Format: | Book |
|---|---|
| Published: |
Boston :
Little,Brown and Company ,
1990
|
| Subjects: |
MARC
| LEADER | 00000cam a2200000 7i4500 | ||
|---|---|---|---|
| 001 | 0000004097 | ||
| 002 | 000004409 | ||
| 005 | 20000330.0 | ||
| 020 | |a 0316083739 | ||
| 090 | 0 | 0 | |a 666.503 |b SOT |
| 245 | 0 | 0 | |a Sotheby's concise encyclopedia of porcelain |c General editor by David Battie |
| 260 | |a Boston : |b Little,Brown and Company , |c 1990 | ||
| 300 | |a 208p. : |b ill. ; |c 28cm. | ||
| 650 | 0 | 0 | |a Porcelain |x Encyclopedias |
| 999 | |a 037288 |b BUKU |c PINJAMAN |e PERPUSTAKAAN KOMUNITI PETALING JAYA | ||